000 00718nam a2200217Ia 4500
003 IN-BaIIA
008 211028s9999 xx 000 0 eng d
020 _a81-7764-475-0
040 _cIIA Library
080 _a539.1
_bFRO
100 _aSen Gupta, S. P.
_936435
245 0 _aFrontiers in atomic , molecular and optical physics; vol. 3
_cS. P Sen Gupta, S. C Mukherjee and S. S. Bhattacharyya
260 _aNew Delhi
_bAllied Publishers
_c2003
300 _axviii, 429p.
650 _aAtoms
_91137
650 _aNuclear physics
_91527
650 _aPhysical optics
700 _aBhattacharyya, S. S., ed.
_936436
700 _aMukherjee, S. C.
_936437
942 _cBK
999 _c19084
_d19084